| 000 | 00417nam a22001697a 4500 | ||
|---|---|---|---|
| 999 |
_c6394 _d6392 |
||
| 005 | 20210904113744.0 | ||
| 008 | 200521b xxu||||| |||| 00| 0 eng d | ||
| 020 | _a9789388206372 | ||
| 041 | _aeng | ||
| 082 | _a954 MUR | ||
| 100 |
_aMurthy HV Sreenivasa _95709 |
||
| 245 | _aHistory of India Part-I (For Law Student) | ||
| 260 |
_aLucknow _bEBC _c2019 |
||
| 300 | _a293p. | ||
| 650 |
_aHistory _95708 |
||
| 942 | _cBK | ||